| 000 | 00641nam a2200205 a 4500 | ||
|---|---|---|---|
| 001 | 000014637 | ||
| 005 | 20200929163858.0 | ||
| 008 | 100115s1986 nq 000 0aspa d | ||
| 040 |
_aDO-SdBNP _bspa _cBNPHU |
||
| 082 |
_a928.7285 _bD218a |
||
| 100 | 1 |
_aDarío, Rubén, _d1867-1916 _915535 |
|
| 245 | 1 | 0 |
_aAutobiografía / _cRubén Darío. |
| 260 |
_aManagua, Nicaragua : _bDistribuidora Cultural, _c1986. |
||
| 300 |
_a137 p. ; _c20 cm. |
||
| 600 | 1 | 4 |
_aDARÍO, RUBÉN, _d1867-1916 _xBIOGRAFÍAS _933167 |
| 650 | 4 |
_aAutores nicaragüenses _ySIGLO XIX-XX _xBiografías _933168 |
|
| 650 | 4 |
_aAutobiografía _9323 |
|
| 910 | _aWM | ||
| 049 | _aBNGR | ||
| 999 |
_c14221 _d14221 |
||